Mystery shopping bakalárska práca

Saved in:
Bibliographic Details
Main Author: Babják, Patrik
Corporate Author: Obchodná fakulta EU. Katedra marketingu
Other Authors: Vokounová, Dana, 1962-
Format: Book
Language:Slovak
Published: Bratislava 2022
Tags: Add Tag
No Tags, Be the first to tag this record!

MARC

LEADER 00000nbm a2200000 4500
001 0285827
005 20221128130514.4
041 0 |a slo 
044 |a SK 
245 1 0 |a Mystery shopping  |b bakalárska práca  |c Patrik Babják ; školiteľ: Dana Vokounová 
264 1 |a Bratislava  |c 2022 
300 |a 49 s. 
100 1 |a Babják, Patrik 
700 1 |a Vokounová, Dana, 1962- 
710 2 |a Obchodná fakulta EU. Katedra marketingu